| 000 | 00992cam a2200325 4500 | ||
|---|---|---|---|
| 001 | B1606 | ||
| 008 | 090401t1987 xxu||||| |||| 00| 0 eng d | ||
| 035 | _a(Sirsi) u45418 | ||
| 041 | _aeng | ||
| 050 | _a332.6324 | ||
| 090 | _aRICS 1987/47AC | ||
| 110 |
_aRoyal Institution of Chartered Surveyors _94900 |
||
| 245 | _aGlobal opportunity: the world of UK property. Conference at Gleneagles Hotel 15 - 18 October 1987 | ||
| 260 | _c1987 | ||
| 300 | _a8 papers | ||
| 350 | _a0 | ||
| 520 | _aPapers by Bradman,G. , Budden,C.D. , Clark,M.G. , Crawley,F.W. , Hardy,P.B. , H- ines,G.D. , Kato,T. , Mallinson,M.H. . | ||
| 650 | _aANNUAL CONFERENCE | ||
| 650 | _aABOUT RICS-RICS MEMBERS | ||
| 650 | _aCONFERENCE | ||
| 650 | _aFINANCIAL SERVICES | ||
| 650 | _aINSTITUTIONAL INVESTMENT | ||
| 650 | _aJAPAN | ||
| 650 | _aPROPERTY FUNDING | ||
| 650 | _aPROPERTY INVESTMENT | ||
| 650 | _aUNITED STATES OF AMERICA | ||
| 650 | _aUNITISATION | ||
| 942 | _n0 | ||
| 948 | _c04/03/1997 | ||
| 999 |
_c91710 _d91710 |
||